[Event "DEM U12/U12w 2003"]
[Site "Willingen GER"]
[Date "2003.06.11"]
[Round "6"]
[White "Khramoy, Gennadiy"]
[Black "Roitzsch, Philipp"]
[Result "1-0"]
[Termination "normal"]
[Board "15"]
[WhiteElo "1517"]
[BlackElo "1612"]
[PlyCount "97"]
[BlackFideId "24635529"]
[EventCountry "GER"]
[EventRounds "11"]
[EventType "swiss"]
[EventDate "2003.06.07"]

1. d4 Nf6 2. Nf3 d6 3. c4 Bf5 4. Nc3 Nbd7 5. Bf4 e6 6. e3 Be7 7. Be2 O-O 8. O-O
Nh5 9. Bg3 Bg6 10. Nd2 Nxg3 11. fxg3 Bg5 12. Kh1 Bxe3 13. Nf3 Nf6 14. h3 d5 15.
cxd5 exd5 16. Qb3 Nh5 17. Kh2 Qd6 18. Qxd5 Qxg3+ 19. Kh1 Nf4 20. Qg5 Nxe2 21.
Qxe3 Rae8 22. Nxe2 Qd6 23. Qd2 Re7 24. Nc3 Bh5 25. a3 Rd7 26. Rad1 Rfd8 27. Qf2
Qb6 28. g4 Bg6 29. Ne5 Re7 30. h4 f6 31. Nxg6 hxg6 32. d5 Qa6 33. Rfe1 Rf7 34.
Qe2 Qd6 35. Kg2 Rdd7 36. Qe6 Qb6 37. Qxb6 axb6 38. Rf1 Rfe7 39. Rde1 Rf7 40.
Re6 Kh7 41. Rd1 f5 42. g5 f4 43. Kf3 Rf5 44. d6 c6 45. Re7 Rxe7 46. dxe7 Re5
47. Rd7 Kg8 48. Rxb7 Kf7 49. Kxf4 1-0

[Event "DEM U12/U12w 2003"]
[Site "Willingen GER"]
[Date "2003.06.11"]
[Round "6"]
[White "Medlin, Paul"]
[Black "Hirneise, Jens"]
[Result "1/2-1/2"]
[Termination "normal"]
[Board "16"]
[WhiteElo "1611"]
[BlackElo "1495"]
[PlyCount "56"]
[BlackFideId "24614734"]
[EventCountry "GER"]
[EventRounds "11"]
[EventType "swiss"]
[EventDate "2003.06.07"]

1. e4 c5 2. Nf3 Nc6 3. d4 cxd4 4. Nxd4 Nf6 5. Nc3 e5 6. Ndb5 d6 7. Bg5 a6 8.
Bxf6 gxf6 9. Na3 b5 10. Nd5 Bg7 11. Bd3 Be6 12. c3 f5 13. Nc2 fxe4 14. Bxe4 O-O
15. Qh5 f5 16. Nf6+ Rxf6 17. Bxc6 Rh6 18. Qe2 Rc8 19. Bb7 Rc4 20. Ne3 Ra4 21.
a3 Qb6 22. Bd5 Bxd5 23. Nxd5 Qb7 24. O-O-O Rg6 25. Qf3 Qf7 26. g3 Bh6+ 27. Kc2
Kg7 28. Nb6 Re4 1/2-1/2

[Event "DEM U12/U12w 2003"]
[Site "Willingen GER"]
[Date "2003.06.11"]
[Round "6"]
[White "Poetsch, Hagen"]
[Black "Trapp, Maximilian"]
[Result "1-0"]
[Termination "normal"]
[Board "17"]
[WhiteElo "1611"]
[BlackElo "1506"]
[PlyCount "23"]
[WhiteFideId "24615137"]
[EventCountry "GER"]
[EventRounds "11"]
[EventType "swiss"]
[EventDate "2003.06.07"]

1. e4 g6 2. d4 Bg7 3. Nf3 d6 4. Nc3 Bg4 5. Be2 Nc6 6. Be3 e5 7. dxe5 Bxf3 8.
Bxf3 dxe5 9. Qe2 Nd4 10. Bxd4 exd4 11. Rd1 Be5 12. Qb5+ 1-0

[Event "DEM U12/U12w 2003"]
[Site "Willingen GER"]
[Date "2003.06.11"]
[Round "6"]
[White "Linsenmeyer, Mario"]
[Black "Wortmann, Jonas"]
[Result "1/2-1/2"]
[Termination "normal"]
[Board "18"]
[WhiteElo "1500"]
[BlackElo "1608"]
[PlyCount "140"]
[WhiteFideId "24635138"]
[BlackFideId "24628069"]
[EventCountry "GER"]
[EventRounds "11"]
[EventType "swiss"]
[EventDate "2003.06.07"]

1. e4 c5 2. Nf3 e6 3. d4 cxd4 4. Nxd4 a6 5. Nc3 Qc7 6. g3 b5 7. Bg2 Bb7 8. O-O
Nf6 9. h3 Be7 10. Be3 O-O 11. a3 Rd8 12. Bg5 Nc6 13. Nde2 h6 14. Bxf6 Bxf6 15.
f4 Qb6+ 16. Kh1 Nd4 17. e5 Bxg2+ 18. Kxg2 Qc6+ 19. Kf2 Nxe2 20. Qxe2 Be7 21.
Ne4 Bc5+ 22. Nxc5 Qxc5+ 23. Kg2 d5 24. Rad1 Rac8 25. Rf2 a5 26. Rd3 Qc4 27. Rb3
Rb8 28. Qe3 b4 29. axb4 axb4 30. Qd3 Rd7 31. Rd2 Rc8 32. Qxc4 Rxc4 33. c3 bxc3
34. bxc3 Rdc7 35. Rd3 Kf8 36. Kf3 Ke7 37. Ke2 Kd7 38. Kd2 Ra7 39. Ke3 Ra2 40.
Rd2 Ra1 41. Rc2 Rh1 42. Kf3 Rd1 43. Ke2 Rh1 44. Kf3 f6 45. exf6 gxf6 46. Kg4
f5+ 47. Kh4 h5 48. Rb6 Rc8 49. Rb7+ Kd6 50. Rg7 d4 51. Rd2 Rxc3 52. Rxd4+ Kc5
53. Rdd7 Re3 54. Rg5 Re2 55. Rxh5 Reh2 56. Kg5 Rxh3 57. Rxh3 Rxh3 58. Kf6 Rh6+
59. Ke5 Rg6 60. Rc7+ Kb6 61. Re7 Rxg3 62. Rxe6+ Kc7 63. Kxf5 Kd7 64. Kf6 Rh3
65. Re7+ Kd8 66. Rg7 Rh8 67. Kf7 Rh5 68. Rg5 Rh7+ 69. Kg8 Rh6 70. f5 Rf6
1/2-1/2

[Event "DEM U12/U12w 2003"]
[Site "Willingen GER"]
[Date "2003.06.11"]
[Round "6"]
[White "Schroer, Claus"]
[Black "Weller, Manuel"]
[Result "0-1"]
[Termination "normal"]
[Board "19"]
[WhiteElo "1475"]
[BlackElo "1593"]
[PlyCount "74"]
[BlackFideId "24635952"]
[EventCountry "GER"]
[EventRounds "11"]
[EventType "swiss"]
[EventDate "2003.06.07"]

1. e4 c5 2. Nc3 e6 3. Bc4 a6 4. a3 b5 5. Ba2 Bb7 6. d3 Nc6 7. f4 d6 8. Nf3 Qc7
9. Be3 Nf6 10. h3 Be7 11. Qd2 O-O 12. g4 b4 13. axb4 cxb4 14. Ne2 a5 15. Bb3
Rfb8 16. Ng3 Ba6 17. g5 Nd7 18. h4 Nc5 19. h5 Nxb3 20. cxb3 Qb7 21. Rd1 Qb5 22.
Qh2 a4 23. g6 a3 24. gxh7+ Kxh7 25. h6 g6 26. bxa3 bxa3 27. Qc2 Na5 28. Qc3 Rg8
29. b4 Nc6 30. Nd4 Qxb4 31. Qxb4 Nxb4 32. Nf3 Nxd3+ 33. Kd2 Rab8 34. Ra1 Rb2+
35. Kd1 a2 36. Bd4 Rg2 37. Nf1 Bb5 0-1

[Event "DEM U12/U12w 2003"]
[Site "Willingen GER"]
[Date "2003.06.11"]
[Round "6"]
[White "Falke, Isaak"]
[Black "Kaczmarczyk, Dennis"]
[Result "0-1"]
[Termination "normal"]
[Board "20"]
[WhiteElo "1460"]
[BlackElo "1715"]
[PlyCount "128"]
[WhiteFideId "24614483"]
[BlackFideId "24608297"]
[EventCountry "GER"]
[EventRounds "11"]
[EventType "swiss"]
[EventDate "2003.06.07"]

1. d4 Nf6 2. Nf3 e6 3. Bg5 c5 4. c3 b6 5. e3 Bb7 6. Nbd2 d6 7. h3 Be7 8. Bd3
Nbd7 9. O-O O-O 10. e4 e5 11. d5 Nh5 12. Bxe7 Qxe7 13. c4 Nf4 14. Bc2 Rfb8 15.
Ne1 Nf8 16. Nd3 N8g6 17. Nxf4 Nxf4 18. Kh2 Bc8 19. Ba4 a6 20. Bc6 Ra7 21. a4
Qh4 22. Nf3 Qh6 23. Ng1 Qg6 24. Qf3 f5 25. exf5 Bxf5 26. Qg3 Nd3 27. b3 a5 28.
Bb5 Rf8 29. f3 Qxg3+ 30. Kxg3 Raf7 31. Ne2 Nb4 32. Nc3 Bc2 33. Ra3 Bd3 34. Rd1
Bg6 35. Rd2 Nc2 36. Ra2 Nd4 37. Rab2 Nxf3 38. gxf3 Rxf3+ 39. Kg2 Rxc3 40. Rf2
Rxf2+ 41. Rxf2 Rc2 42. Kg3 Rxf2 43. Kxf2 Bc2 44. Kf3 Bxb3 45. Ke3 Bc2 46. Kd2
Bf5 47. h4 h6 48. Ke3 Kf7 49. Kf3 Kf6 50. Ke3 g5 51. hxg5+ Kxg5 52. Kf3 h5 53.
Be8 Bd3 54. Bb5 h4 55. Kf2 Kf4 56. Kg2 e4 57. Bc6 e3 58. Bd7 Bxc4 59. Bg4 Kxg4
60. Kh2 Kf3 61. Kh1 e2 62. Kg1 e1=Q+ 63. Kh2 Qf2+ 64. Kh3 Bf1# 0-1

[Event "DEM U12/U12w 2003"]
[Site "Willingen GER"]
[Date "2003.06.11"]
[Round "6"]
[White "Wassilian, Diana"]
[Black "Korman, Maxim"]
[Result "0-1"]
[Termination "normal"]
[Board "21"]
[WhiteElo "1376"]
[BlackElo "1711"]
[PlyCount "90"]
[BlackFideId "24619787"]
[EventCountry "GER"]
[EventRounds "11"]
[EventType "swiss"]
[EventDate "2003.06.07"]

1. e4 e6 2. d4 d5 3. exd5 exd5 4. Bd3 Bd6 5. Nf3 Nf6 6. O-O O-O 7. Bg5 Bg4 8.
Nbd2 Nbd7 9. c3 c6 10. Qc2 Qc7 11. Rae1 Rfe8 12. Bf5 Bxf5 13. Qxf5 h6 14. Bh4
g6 15. Qc2 Nh5 16. Bg3 Nf4 17. Rxe8+ Rxe8 18. Re1 Rxe1+ 19. Nxe1 Ne2+ 20. Kf1
Nxg3+ 21. hxg3 Nf6 22. Nef3 Qe7 23. Qd3 Ne4 24. Qe3 Kg7 25. Ke2 f5 26. Nxe4
Qxe4 27. Qxe4 dxe4 28. Ne5 Kf6 29. Nc4 Bc7 30. Ne3 Ke6 31. Kd2 h5 32. Kc2 g5
33. Nc4 f4 34. gxf4 gxf4 35. Kd2 Kf5 36. Ke2 Kg4 37. Kf1 h4 38. Kg1 b5 39. Nd2
e3 40. fxe3 fxe3 41. Nf3 h3 42. Ne5+ Bxe5 43. gxh3+ Kf3 44. dxe5 e2 45. e6
e1=Q+ 0-1

[Event "DEM U12/U12w 2003"]
[Site "Willingen GER"]
[Date "2003.06.11"]
[Round "6"]
[White "Hannes, Diana"]
[Black "Heistermann, Till"]
[Result "1-0"]
[Termination "normal"]
[Board "22"]
[WhiteElo "1145"]
[BlackElo "1619"]
[PlyCount "37"]
[WhiteFideId "24611344"]
[EventCountry "GER"]
[EventRounds "11"]
[EventType "swiss"]
[EventDate "2003.06.07"]

1. e4 c5 2. Nc3 Nc6 3. f4 d6 4. Nf3 g6 5. Bc4 Bg7 6. O-O e6 7. d3 Nge7 8. Qe1
O-O 9. f5 exf5 10. Qh4 a6 11. a4 Qc7 12. Bh6 b6 13. Ng5 Bd4+ 14. Kh1 Bf6 15.
Bxf8 Bxg5 16. Qxg5 Kxf8 17. Qf6 Ng8 18. Qh4 Qe7 19. Qxh7 1-0

[Event "DEM U12/U12w 2003"]
[Site "Willingen GER"]
[Date "2003.06.11"]
[Round "6"]
[White "Fischer, Benjamin"]
[Black "Friedt, Edmund"]
[Result "1-0"]
[Termination "normal"]
[Board "23"]
[WhiteElo "1591"]
[BlackElo "1306"]
[PlyCount "107"]
[BlackFideId "24629545"]
[EventCountry "GER"]
[EventRounds "11"]
[EventType "swiss"]
[EventDate "2003.06.07"]

1. d4 d5 2. c4 e6 3. Nc3 Nf6 4. Bg5 Bb4 5. Nf3 dxc4 6. e4 h6 7. Bh4 g5 8. Nxg5
hxg5 9. Bxg5 Be7 10. h4 Nc6 11. Be3 b6 12. Bxc4 Bb7 13. Bb5 a6 14. Be2 Qd7 15.
Qd2 O-O-O 16. O-O-O Rdg8 17. Rdg1 Ng4 18. Bxg4 Rxg4 19. g3 Rgg8 20. h5 f5 21.
f3 Qe8 22. d5 Ne5 23. Qe2 fxe4 24. fxe4 exd5 25. Bd4 Bf6 26. exd5 Bg7 27. g4
Bh6+ 28. Kb1 Rg5 29. Ne4 Bxd5 30. Nxg5 Bxh1 31. Qxe5 Qxe5 32. Bxe5 Re8 33. Rxh1
Bxg5 34. Bg7 Rg8 35. h6 Bxh6 36. Bxh6 Rxg4 37. Rc1 Rh4 38. Be3 Kb7 39. Bf2 Rf4
40. Bg3 Rf7 41. Kc2 Rf3 42. Be5 c5 43. Rh1 Kc6 44. Rh6+ Kd5 45. Bc3 Rf2+ 46.
Bd2 b5 47. Rxa6 b4 48. Ra8 c4 49. Rd8+ Ke4 50. Rb8 b3+ 51. axb3 cxb3+ 52. Rxb3
Kd4 53. Rd3+ Kc4 54. b3+ 1-0

[Event "DEM U12/U12w 2003"]
[Site "Willingen GER"]
[Date "2003.06.11"]
[Round "6"]
[White "Rafiee, Makan"]
[Black "Park, Johannes"]
[Result "1-0"]
[Termination "normal"]
[Board "24"]
[WhiteElo "1579"]
[BlackElo "1396"]
[PlyCount "85"]
[WhiteFideId "24609340"]
[EventCountry "GER"]
[EventRounds "11"]
[EventType "swiss"]
[EventDate "2003.06.07"]

1. e4 c5 2. Nc3 Nc6 3. Nge2 d6 4. d4 cxd4 5. Nxd4 Nf6 6. Be3 g6 7. f3 Bg7 8.
Qd2 O-O 9. O-O-O Bd7 10. Kb1 Qa5 11. Nb3 Qc7 12. g4 Rfc8 13. h4 Ne5 14. Be2 a6
15. h5 b5 16. hxg6 hxg6 17. Bh6 Bh8 18. Bf8 Nh5 19. Bxe7 Nc4 20. Bxc4 Qxc4 21.
gxh5 b4 22. hxg6 Bg7 23. Nd5 fxg6 24. Nb6 Qe6 25. Nxd7 Qxe7 26. Qd5+ Qf7 27.
Qxf7+ Kxf7 28. Nb6 Rab8 29. Nxc8 Rxc8 30. Rxd6 Ra8 31. Rh7 Kg8 32. Rh1 a5 33.
Rxg6 Kf7 34. Rhg1 Rg8 35. e5 a4 36. Nc1 a3 37. e6+ Kf8 38. e7+ Kxe7 39. Rxg7+
Rxg7 40. Rxg7+ Kf6 41. Ra7 b3 42. Rxa3 bxa2+ 43. Nxa2 1-0

[Event "DEM U12/U12w 2003"]
[Site "Willingen GER"]
[Date "2003.06.11"]
[Round "6"]
[White "Zahn, Benno"]
[Black "Mertens, Pauline"]
[Result "1-0"]
[Termination "normal"]
[Board "25"]
[WhiteElo "1529"]
[BlackElo "1353"]
[PlyCount "101"]
[WhiteFideId "24636070"]
[BlackFideId "24671959"]
[EventCountry "GER"]
[EventRounds "11"]
[EventType "swiss"]
[EventDate "2003.06.07"]

1. d4 Nf6 2. c4 g6 3. Nc3 Bg7 4. Bf4 d6 5. e4 O-O 6. Nf3 a5 7. Be2 Na6 8. O-O
Bd7 9. a3 e6 10. Qd2 Qe7 11. Bg5 Qe8 12. Rfd1 Bc6 13. d5 Bd7 14. e5 dxe5 15.
Nxe5 exd5 16. Nxd7 Nxd7 17. Nxd5 Kh8 18. Bf3 c6 19. Ne3 Ne5 20. Be2 Qe6 21.
Qxa5 f6 22. Bf4 Nf7 23. h3 f5 24. Qd2 Rad8 25. Qc2 Ne5 26. Bg5 Rxd1+ 27. Rxd1
Nf7 28. Bf4 g5 29. Bh2 f4 30. Nf5 Qe5 31. Nxg7 Qxg7 32. Rd7 Nc5 33. Rd1 Re8 34.
Bh5 Qe5 35. Qb1 Qe6 36. Kh1 b6 37. b4 Na4 38. Qc2 b5 39. cxb5 cxb5 40. Qc7 Re7
41. Qb8+ Re8 42. Bxf7 Qxf7 43. Rd8 Rxd8 44. Qxd8+ Qg8 45. Qe7 Nc3 46. Qc7 Na4
47. Qe5+ Qg7 48. Qe8+ Qg8 49. Qxb5 Nc3 50. Qc6 Ne2 51. Qc2 1-0

[Event "DEM U12/U12w 2003"]
[Site "Willingen GER"]
[Date "2003.06.11"]
[Round "6"]
[White "Bradler, Stephan"]
[Black "Doberitz, Paul"]
[Result "1/2-1/2"]
[Termination "normal"]
[Board "26"]
[WhiteElo "1366"]
[BlackElo "1526"]
[PlyCount "120"]
[WhiteFideId "24629367"]
[BlackFideId "24646130"]
[EventCountry "GER"]
[EventRounds "11"]
[EventType "swiss"]
[EventDate "2003.06.07"]

1. e4 c5 2. Nf3 d6 3. d4 cxd4 4. Nxd4 Nf6 5. Nc3 g6 6. f3 Bg7 7. Be3 O-O 8. Qd2
Nc6 9. O-O-O Nxd4 10. Bxd4 Be6 11. Kb1 Qc7 12. g4 Rfc8 13. g5 Nh5 14. Nb5 Qb8
15. Bxg7 Kxg7 16. Be2 Bc4 17. Qc3+ Kg8 18. Bxc4 a6 19. Bxf7+ Kxf7 20. Qb3+ Kf8
21. Nc3 b5 22. Rd4 Ra7 23. Rhd1 Rb7 24. Nd5 a5 25. Ne3 Qa7 26. e5 a4 27. Qe6
Re8 28. exd6 exd6 29. Qxd6+ Kg8 30. Ng4 Rb6 31. Nh6+ Kh8 32. Re4 Rbb8 33. Qd4+
Qxd4 34. Rexd4 b4 35. Kc1 b3 36. axb3 axb3 37. cxb3 Rxb3 38. Rd8 Rbe3 39. Rxe8+
Rxe8 40. Rd8 Rxd8 41. Nf7+ Kg7 42. Nxd8 Nf4 43. b4 Nd3+ 44. Kd2 Nxb4 45. Ke3
Kf8 46. Ke4 Ke7 47. Nb7 Ke6 48. f4 Na6 49. h3 Nc7 50. Nc5+ Kd6 51. Nd3 Ke6 52.
Nf2 Ne8 53. Ng4 Nd6+ 54. Kf3 Ne8 55. Nh6 Ng7 56. Kg3 Nh5+ 57. Kg4 Ng7 58. h4
Ne8 59. h5 Ng7 60. hxg6 hxg6 1/2-1/2

[Event "DEM U12/U12w 2003"]
[Site "Willingen GER"]
[Date "2003.06.11"]
[Round "6"]
[White "Göpel, Martin"]
[Black "Karmann, Anna"]
[Result "0-1"]
[Termination "normal"]
[Board "27"]
[WhiteElo "1476"]
[BlackElo "1275"]
[PlyCount "88"]
[BlackFideId "24648000"]
[EventCountry "GER"]
[EventRounds "11"]
[EventType "swiss"]
[EventDate "2003.06.07"]

1. e4 e5 2. Nf3 Nc6 3. Bc4 Bc5 4. c3 Nf6 5. d4 exd4 6. cxd4 Bb4+ 7. Bd2 Bxd2+
8. Nbxd2 d5 9. exd5 Nxd5 10. O-O O-O 11. Ne5 Nxe5 12. dxe5 b6 13. Qb3 Bb7 14.
f4 Qd7 15. Rad1 Rad8 16. Rf2 Qg4 17. Qf3 Ne3 18. Qxg4 Nxg4 19. Re2 Nh6 20. Rde1
Rd4 21. Rf1 Rfd8 22. Rff2 Ng4 23. Nb3 Rxc4 24. Rf1 Rc6 25. Rfe1 Ba6 26. Re4 Bb7
27. R4e2 Nh6 28. h3 Nf5 29. Rf2 g6 30. g4 Ng7 31. Rfe2 Rd3 32. Kh2 a5 33. Nc1
Rd4 34. Kg3 h5 35. Rf2 hxg4 36. hxg4 Bc8 37. Rh2 f5 38. exf6 Rxf6 39. Reh1 Bb7
40. Rf1 Ne6 41. f5 gxf5 42. gxf5 Ng7 43. Rc2 Nxf5+ 44. Kh3 Rh6# 0-1

[Event "DEM U12/U12w 2003"]
[Site "Willingen GER"]
[Date "2003.06.11"]
[Round "6"]
[White "van Orsouw, Svenja"]
[Black "Collmann, Martin"]
[Result "0-1"]
[Termination "normal"]
[Board "28"]
[WhiteElo "1311"]
[BlackElo "1438"]
[PlyCount "72"]
[WhiteFideId "24677124"]
[EventCountry "GER"]
[EventRounds "11"]
[EventType "swiss"]
[EventDate "2003.06.07"]

1. e4 c5 2. Nc3 Nc6 3. d3 g6 4. f4 d6 5. Nf3 Bg7 6. Bd2 e6 7. g3 Nge7 8. Bg2
O-O 9. O-O Nd4 10. Be3 Rb8 11. Rb1 b5 12. Bxd4 cxd4 13. Ne2 a5 14. Kh1 Qb6 15.
a3 Bd7 16. Qd2 b4 17. axb4 axb4 18. Ra1 Rfc8 19. Rfc1 Ra8 20. e5 Rxa1 21. Rxa1
dxe5 22. fxe5 Nc6 23. Qf4 Qc5 24. Rc1 Nxe5 25. Nfxd4 Nc6 26. c3 e5 27. Nb3 Qb6
28. Qd2 bxc3 29. Rxc3 e4 30. d4 Be6 31. Qc2 Rd8 32. Bxe4 Nxd4 33. Nexd4 Bxd4
34. Nxd4 Qxd4 35. Rd3 Qxe4+ 36. Kg1 Qxd3 0-1

[Event "DEM U12/U12w 2003"]
[Site "Willingen GER"]
[Date "2003.06.11"]
[Round "6"]
[White "Stelter, Frederik"]
[Black "Mijatovic, Andrea"]
[Result "1/2-1/2"]
[Termination "normal"]
[Board "30"]
[WhiteElo "1157"]
[BlackElo "1408"]
[PlyCount "49"]
[BlackFideId "14514524"]
[EventCountry "GER"]
[EventRounds "11"]
[EventType "swiss"]
[EventDate "2003.06.07"]

1. c4 e5 2. Nc3 Nf6 3. g3 d5 4. cxd5 Nxd5 5. Bg2 Nb6 6. Nf3 Nc6 7. O-O Be7 8.
a3 Be6 9. b4 a6 10. d3 O-O 11. Be3 f5 12. Bd2 Bf6 13. Qc2 Qd7 14. e4 Nd4 15.
Nxd4 exd4 16. Ne2 Rab8 17. Nf4 fxe4 18. Nxe6 Qxe6 19. Bxe4 Qd7 20. Bf4 Rf7 21.
a4 Nd5 22. Bd2 Re7 23. Bg2 Nc3 24. Bxc3 dxc3 25. Rac1 1/2-1/2

[Event "DEM U12/U12w 2003"]
[Site "Willingen GER"]
[Date "2003.06.11"]
[Round "6"]
[White "Reipschläger, Tom"]
[Black "Schulz, Marcel"]
[Result "0-1"]
[Termination "normal"]
[Board "31"]
[WhiteElo "1099"]
[BlackElo "1406"]
[PlyCount "90"]
[BlackFideId "1270585"]
[EventCountry "GER"]
[EventRounds "11"]
[EventType "swiss"]
[EventDate "2003.06.07"]

1. d4 f5 2. Nf3 Nf6 3. c4 g6 4. Bf4 Bg7 5. Qd2 O-O 6. Nc3 d6 7. Bh6 Nc6 8. Bxg7
Kxg7 9. e3 e5 10. Qc2 a6 11. Rd1 Qe8 12. Be2 h6 13. Nd2 g5 14. e4 Nxd4 15. Qd3
f4 16. Nd5 Nxd5 17. exd5 Bf5 18. Ne4 Qg6 19. f3 g4 20. Kd2 Kh8 21. Rhg1 Qh7 22.
Rde1 Bxe4 23. fxe4 Nxe2 24. Kxe2 h5 25. Kd2 Qh6 26. Kc2 Qf6 27. h3 Qh4 28. hxg4
Qxg4 29. Qe2 Kg7 30. Qf3 Kf6 31. Qxg4 hxg4 32. Ref1 Rh8 33. Kd3 Kg5 34. Rc1 Rh7
35. c5 Rah8 36. cxd6 cxd6 37. Rb1 Rh2 38. b4 Rc8 39. a4 Kh4 40. Rb3 Kg5 41. a5
Rh7 42. b5 Rhc7 43. bxa6 bxa6 44. Ra1 Rc2 45. Rb7 R8c3# 0-1

[Event "DEM U12/U12w 2003"]
[Site "Willingen GER"]
[Date "2003.06.11"]
[Round "6"]
[White "Gahn, Juliane"]
[Black "Döring, Julia"]
[Result "1-0"]
[Termination "normal"]
[Board "32"]
[WhiteElo "1379"]
[BlackElo "1257"]
[PlyCount "99"]
[EventCountry "GER"]
[EventRounds "11"]
[EventType "swiss"]
[EventDate "2003.06.07"]

1. e4 c5 2. Nf3 e6 3. d4 cxd4 4. Nxd4 a6 5. c4 Nc6 6. a3 Nge7 7. Be3 Nxd4 8.
Bxd4 Nc6 9. Be3 Be7 10. Nc3 d6 11. f4 Bd7 12. Bd3 Rc8 13. O-O O-O 14. Rf3 Bf6
15. Rc1 Na5 16. b3 Re8 17. Rh3 Rb8 18. e5 dxe5 19. fxe5 Be7 20. b4 Nc6 21.
Bxh7+ Kf8 22. Qh5 Qc7 23. Be4 f6 24. Bg6 Bxb4 25. Qh8+ Ke7 26. Qxg7+ Kd8 27.
Bxe8 Bxe8 28. Qxc7+ Kxc7 29. Rh7+ Bd7 30. axb4 Nxb4 31. Rd1 Rd8 32. exf6 Nc6
33. f7 Nb8 34. Bf4+ Kc8 35. Bxb8 Kxb8 36. Rxd7 Rxd7 37. f8=Q+ Kc7 38. Rxd7+
Kxd7 39. Ne4 Kc6 40. Nc5 e5 41. Qc8+ Kb6 42. Nxb7 e4 43. Nc5 e3 44. Qxa6+ Kc7
45. h4 e2 46. Kf2 e1=Q+ 47. Kxe1 Kd8 48. Qb7 Ke8 49. Qg7 Kd8 50. h5 1-0

[Event "DEM U12/U12w 2003"]
[Site "Willingen GER"]
[Date "2003.06.11"]
[Round "6"]
[White "Kickert, Germaine-Helene"]
[Black "Tschikischew, Jürgen"]
[Result "1/2-1/2"]
[Termination "normal"]
[Board "33"]
[WhiteElo "1374"]
[BlackElo "1249"]
[PlyCount "79"]
[WhiteFideId "24614890"]
[EventCountry "GER"]
[EventRounds "11"]
[EventType "swiss"]
[EventDate "2003.06.07"]

1. e4 d6 2. d4 Nf6 3. Nc3 g6 4. Nf3 Bg7 5. Bd3 O-O 6. Be3 Re8 7. O-O e5 8. d5
c6 9. Bg5 h6 10. Bxf6 Qxf6 11. h3 Bd7 12. Qd2 Bxh3 13. Nxe5 Bxg2 14. Ng4 Qh4
15. Kxg2 Qxg4+ 16. Kh1 Qf3+ 17. Kg1 Be5 18. Qxh6 Bg7 19. Qh1 Qxh1+ 20. Kxh1
Bxc3 21. bxc3 cxd5 22. exd5 Nd7 23. Bb5 Red8 24. Bd3 Ne5 25. Rab1 Rab8 26. f4
Nxd3 27. cxd3 Re8 28. Rfe1 Rxe1+ 29. Rxe1 Kf8 30. Kg2 Re8 31. Rxe8+ Kxe8 32.
Kf3 Ke7 33. Kg4 Kf6 34. a4 b6 35. d4 a6 36. c4 a5 37. Kg3 Kf5 38. Kf3 g5 39.
fxg5 Kxg5 40. Kg3 1/2-1/2

[Event "DEM U12/U12w 2003"]
[Site "Willingen GER"]
[Date "2003.06.11"]
[Round "6"]
[White "Thewes, Johannes"]
[Black "Seifert, Christopher"]
[Result "0-1"]
[Termination "normal"]
[Board "34"]
[WhiteElo "903"]
[BlackElo "1369"]
[PlyCount "70"]
[WhiteFideId "4624823"]
[BlackFideId "24615293"]
[EventCountry "GER"]
[EventRounds "11"]
[EventType "swiss"]
[EventDate "2003.06.07"]

1. e4 e6 2. d4 d5 3. exd5 exd5 4. Bd3 Bd6 5. Nf3 Nf6 6. O-O O-O 7. Bg5 Bg4 8.
Nbd2 c6 9. c3 Nbd7 10. Qc2 Qc7 11. Rfe1 Rae8 12. Re3 h6 13. h3 hxg5 14. hxg4
Rxe3 15. fxe3 Nxg4 16. e4 Ne3 17. Qb1 dxe4 18. Nxe4 g4 19. Nfg5 g6 20. Nc5 Nxc5
21. Bxg6 Bh2+ 22. Kh1 Qd6 23. Bh7+ Kg7 24. dxc5 Qh6 25. Qe4 Bf4+ 26. Nh3 gxh3
27. Qd4+ Kxh7 28. Qe4+ Qg6 29. Qxg6+ fxg6 30. gxh3 Rd8 31. Kg1 Rd1+ 32. Rxd1
Nxd1 33. Kg2 Nxb2 34. Kf3 Be5 35. Ke4 Bxc3 0-1

[Event "DEM U12/U12w 2003"]
[Site "Willingen GER"]
[Date "2003.06.11"]
[Round "6"]
[White "Oltzen, Samuel David"]
[Black "Frey, Alisa"]
[Result "1-0"]
[Termination "normal"]
[Board "35"]
[WhiteElo "1367"]
[BlackElo "1138"]
[PlyCount "63"]
[BlackFideId "24634662"]
[EventCountry "GER"]
[EventRounds "11"]
[EventType "swiss"]
[EventDate "2003.06.07"]

1. e4 e5 2. Nc3 Nf6 3. f4 exf4 4. e5 Ng8 5. Nf3 Nc6 6. d4 Bb4 7. Bxf4 f6 8. Bc4
d5 9. exd6 cxd6 10. O-O Nge7 11. Qe2 Bxc3 12. bxc3 d5 13. Bd3 O-O 14. c4 Bg4
15. cxd5 Qxd5 16. Bc4 Bxf3 17. gxf3 Nxd4 18. Bxd5+ Nxd5 19. Qe4 Nxf4 20. Kh1
Nde2 21. Rae1 Rfe8 22. Qc4+ Kh8 23. Qb5 b6 24. Rg1 Re5 25. Qc6 Ng3+ 26. Rxg3
Rxe1+ 27. Rg1 Rxg1+ 28. Kxg1 Rd8 29. Qc7 Rd1+ 30. Kf2 Rd2+ 31. Kg3 Nd5 32. Qc8#
1-0

[Event "DEM U12/U12w 2003"]
[Site "Willingen GER"]
[Date "2003.06.11"]
[Round "6"]
[White "Geis, Raoul-Marian"]
[Black "Schultheiß, Vera"]
[Result "1-0"]
[Termination "normal"]
[Board "36"]
[WhiteElo "1315"]
[BlackElo "1046"]
[PlyCount "73"]
[EventCountry "GER"]
[EventRounds "11"]
[EventType "swiss"]
[EventDate "2003.06.07"]

1. e4 e5 2. Nf3 Nc6 3. Bc4 Bc5 4. c3 d6 5. d4 exd4 6. cxd4 Bb4+ 7. Bd2 Bxd2+ 8.
Nbxd2 Bg4 9. Qb3 Qe7 10. Qxb7 Rc8 11. Qxc6+ Bd7 12. Qa6 Ra8 13. Bb5 Nf6 14.
Bxd7+ Nxd7 15. O-O O-O 16. Rfe1 c5 17. dxc5 dxc5 18. Qc4 Rab8 19. Qc2 Rb7 20.
Rad1 Rfb8 21. b3 g6 22. e5 a5 23. Nc4 Ra8 24. Qe4 Rab8 25. Nxa5 Ra7 26. Nc6 Qe8
27. Nxa7 Ra8 28. e6 fxe6 29. Qxe6+ Qxe6 30. Rxe6 Rxa7 31. Re7 Kf8 32. Rxh7 Ke8
33. Ne5 Rxa2 34. Nxd7 Rb2 35. Ra1 Kd8 36. Nxc5 Kc8 37. Ra8# 1-0

[Event "DEM U12/U12w 2003"]
[Site "Willingen GER"]
[Date "2003.06.11"]
[Round "6"]
[White "Zikeli, Julia"]
[Black "Büchner, Felix"]
[Result "0-1"]
[Termination "normal"]
[Board "37"]
[WhiteElo "1420"]
[BlackElo "1229"]
[PlyCount "54"]
[WhiteFideId "24622753"]
[EventCountry "GER"]
[EventRounds "11"]
[EventType "swiss"]
[EventDate "2003.06.07"]

1. e4 c6 2. Nf3 d5 3. Nc3 Bg4 4. h3 Bh5 5. d4 e6 6. Be3 Nd7 7. Bd3 Bb4 8. O-O
Ne7 9. a3 Ba5 10. Qe2 Qc7 11. Qd1 O-O-O 12. Ne2 Bxf3 13. gxf3 Rdg8 14. Bf4 Qd8
15. Bg3 h5 16. Kh1 g5 17. Rg1 g4 18. fxg4 hxg4 19. h4 Ng6 20. Kg2 Nxh4+ 21.
Bxh4 Rxh4 22. Rh1 Rgh8 23. Ng3 Rxh1 24. Nxh1 Qh4 25. f3 Qh2+ 26. Kf1 Qxh1+ 27.
Ke2 Qxf3# 0-1

[Event "DEM U12/U12w 2003"]
[Site "Willingen GER"]
[Date "2003.06.11"]
[Round "6"]
[White "Saak, Sandra"]
[Black "Göbel, Florian"]
[Result "1/2-1/2"]
[Termination "normal"]
[Board "38"]
[WhiteElo "1361"]
[BlackElo "1180"]
[PlyCount "34"]
[EventCountry "GER"]
[EventRounds "11"]
[EventType "swiss"]
[EventDate "2003.06.07"]

1. e4 c5 2. Nc3 Nc6 3. g3 d6 4. Bg2 e6 5. d3 Be7 6. Nge2 a6 7. O-O Qc7 8. Nf4
b5 9. a3 Bb7 10. Nh3 Nf6 11. Ng5 h6 12. Nf3 O-O 13. Bd2 Rac8 14. Re1 Rfd8 15.
Qe2 Nd4 16. Qd1 e5 17. Rc1 Nd7 1/2-1/2